MARC details
| 000 -LEADER |
| fixed length control field |
01557nam a2200433 a 4500 |
| 001 - CONTROL NUMBER |
| control field |
59004 |
| 003 - CONTROL NUMBER IDENTIFIER |
| rucl marc code |
BD-RjUL |
| 005 - DATE AND TIME OF LATEST TRANSACTION |
| control field |
20211209080701.0 |
| 008 - FIXED-LENGTH DATA ELEMENTS--GENERAL INFORMATION |
| fixed length control field |
161220s2005 enk ||| bt ||| | eng d |
| 020 ## - INTERNATIONAL STANDARD BOOK NUMBER |
| International Standard Book Number |
9793361689 |
| 035 ## - SYSTEM CONTROL NUMBER |
| System control number |
(BD-RjUL)59128 |
| 040 ## - CATALOGING SOURCE |
| Original cataloging agency |
ericd |
| Language of cataloging |
eng |
| Transcribing agency |
ericd |
| Modifying agency |
BD-RjUL |
| 041 ## - LANGUAGE CODE |
| Language code of text/sound track or separate title |
eng |
| 082 ## - DEWEY DECIMAL CLASSIFICATION NUMBER |
| Edition number |
23 |
| Classification number |
333.7509599 |
| Author mark and year |
LEA 2005 |
| 091 ## - MICROFILM SHELF LOCATION (AM) [OBSOLETE] |
| Microfilm shelf location |
mfm |
| 245 10 - TITLE STATEMENT |
| Title |
Learning to Adapt : |
| Remainder of title |
managing forests together in Indonesia / |
| Statement of responsibility, etc. |
Trikurnianti Kusumanto; et al |
| 260 ## - PUBLICATION, DISTRIBUTION, ETC. (IMPRINT) |
| Place of publication, distribution, etc. |
[Washington, D.C.] : |
| Name of publisher, distributor, etc. |
Distributed by ERIC Clearinghouse, |
| Date of publication, distribution, etc. |
c2205 |
| 300 ## - PHYSICAL DESCRIPTION |
| Pagination |
191 p. ; |
| Size |
24 cm. |
| 650 17 - SUBJECT ADDED ENTRY--TOPICAL TERM |
| Topical term or geographic name as entry element |
Academic Achievement. |
| Source of heading or term |
ericd |
| 9 (RLIN) |
175466 |
|
| Topical term or geographic name as entry element |
Adjustment (to Environment) |
| Source of heading or term |
ericd |
| 9 (RLIN) |
175467 |
|
| Topical term or geographic name as entry element |
Adolescents. |
| Source of heading or term |
ericd |
| 9 (RLIN) |
175468 |
|
| Topical term or geographic name as entry element |
Educational Anthropology. |
| Source of heading or term |
ericd |
| 9 (RLIN) |
175469 |
|
| Topical term or geographic name as entry element |
Educational Research. |
| Source of heading or term |
ericd |
| 9 (RLIN) |
175470 |
|
| Topical term or geographic name as entry element |
High School Students. |
| Source of heading or term |
ericd |
| 9 (RLIN) |
175471 |
|
| Topical term or geographic name as entry element |
High Schools. |
| Source of heading or term |
ericd |
| 9 (RLIN) |
175472 |
|
| Topical term or geographic name as entry element |
Mexican Americans. |
| Source of heading or term |
ericd |
| 9 (RLIN) |
175473 |
|
| Topical term or geographic name as entry element |
Poverty. |
| Source of heading or term |
ericd |
| 9 (RLIN) |
174067 |
|
| Topical term or geographic name as entry element |
Social Behavior. |
| Source of heading or term |
ericd |
| 9 (RLIN) |
173074 |
|
| Topical term or geographic name as entry element |
Socialization. |
| Source of heading or term |
ericd |
| 9 (RLIN) |
170550 |
|
| Topical term or geographic name as entry element |
Socioeconomic Status. |
| Source of heading or term |
ericd |
| 9 (RLIN) |
175474 |
|
| Topical term or geographic name as entry element |
Student Attitudes. |
| Source of heading or term |
ericd |
| 9 (RLIN) |
175475 |
|
| Topical term or geographic name as entry element |
Student Behavior. |
| Source of heading or term |
ericd |
| 9 (RLIN) |
175476 |
|
| Topical term or geographic name as entry element |
Student Subcultures. |
| Source of heading or term |
ericd |
| 9 (RLIN) |
175477 |
|
| Topical term or geographic name as entry element |
Whites. |
| Source of heading or term |
ericd |
| 9 (RLIN) |
175478 |
| 700 ## - ADDED ENTRY--PERSONAL NAME |
| Personal name |
Kusumanto, Trikurnianti ; et al |
| 942 ## - ADDED ENTRY ELEMENTS (KOHA) |
| Source of classification or shelving scheme |
Dewey Decimal Classification |
| Koha item type |
Books |